Legislazione sull'organizzazione centrale della chiesa

Saved in:
Bibliographic Details
Main Authors: Arrieta, Juan Ignacio (Author), Canosa, Javier (Author), Miñambres, Jesús (Author)
Format: Book
Language:Italian
Published: Milán Giuffré 1997
Series:Pontificio Ateneo Della Santa Croce: Testi Legislativi 3
Subjects:
Tags: Add Tag
No Tags, Be the first to tag this record!

MARC

LEADER 00000nam a2200000 a 4500
001 UCR7302
003 CL-VaPUC
008 980514e19970000IT |||||||||||||||||ita|d
082 0 4 |a 262.9  |b ARR  |2 21 
100 0 |a Arrieta, Juan Ignacio  |e author  |9 408631 
700 0 |a Canosa, Javier  |e author  |9 408632 
700 0 |a Miñambres, Jesús  |e author  |9 408633 
245 1 0 |a Legislazione sull'organizzazione centrale della chiesa 
300 |a 547 p 
942 |c BK 
945 |d 19980514 00:00:00  |a mvenant 
260 |a Milán  |b Giuffré  |c 1997 
650 7 |a DERECHO CANONICO  |2 CL-VaPUC  |9 408634 
650 0 |a Iglesia Católica  |9 256114 
583 |a last modification  |c 19980514 00:00:00  |k Rodrigo Vera 
490 0 |a Pontificio Ateneo Della Santa Croce: Testi Legislativi 3 
999 |c 269035  |d 269033 
952 |0 0  |1 0  |4 0  |6 262_900000000000000_ARR_1997  |7 0  |8 DER_HDC  |9 302622  |a BIBDER  |b BIBDER  |d 2019-11-20  |i 3425150  |l 1  |o 262.9 ARR 1997  |p 3425150  |r 2023-01-25  |s 2020-03-16  |w 2019-11-20  |x Ubicación 4to Piso  |y BK  |z Estos recursos deben solicitarse con anticipación  |k DER